000 nam a22 7a 4500
999 _c8419
_d8419
008 180116b ||||| |||| 00| 0 eng d
100 _94820
_aJINDAL.K
245 _aENVIRONMENTAL STUDIES-2
260 _aNEW DELHI
_bHOLY FAITH
_c2016